| 000 -LEADER |
| fixed length control field |
00585nam a22002057a 4500 |
| 003 - CONTROL NUMBER IDENTIFIER |
| control field |
OSt |
| 005 - DATE AND TIME OF LATEST TRANSACTION |
| control field |
20250715121111.0 |
| 008 - FIXED-LENGTH DATA ELEMENTS--GENERAL INFORMATION |
| fixed length control field |
250715b ||||| |||| 00| 0 eng d |
| 020 ## - INTERNATIONAL STANDARD BOOK NUMBER |
| International Standard Book Number |
9780143428763 |
| Terms of availability |
Rs150.00 |
| 040 ## - CATALOGING SOURCE |
| Transcribing agency |
imukc |
| 041 ## - LANGUAGE CODE |
| Language code of text/sound track or separate title |
eng |
| 082 ## - DEWEY DECIMAL CLASSIFICATION NUMBER |
| Classification number |
823.914 |
| Item number |
B7111 |
| 100 ## - MAIN ENTRY--PERSONAL NAME |
| 9 (RLIN) |
6159 |
| Personal name |
Bond, Ruskin |
| 245 ## - TITLE STATEMENT |
| Title |
The wind on haunted hill / |
| Statement of responsibility, etc. |
Ruskin Bond ; illustrated by Jit Chowdhury. |
| 260 ## - PUBLICATION, DISTRIBUTION, ETC. |
| Place of publication, distribution, etc. |
Gurgaon : |
| Name of publisher, distributor, etc. |
Penguin Random House India, |
| Date of publication, distribution, etc. |
2018. |
| 300 ## - PHYSICAL DESCRIPTION |
| Extent |
32 p. |
| 650 #0 - SUBJECT ADDED ENTRY--TOPICAL TERM |
| 9 (RLIN) |
2474 |
| Topical term or geographic name entry element |
English fiction |
| 700 ## - ADDED ENTRY--PERSONAL NAME |
| 9 (RLIN) |
6161 |
| Personal name |
Chowdhury, Jit |
| Relator term |
illustrator |
| 942 ## - ADDED ENTRY ELEMENTS (KOHA) |
| Source of classification or shelving scheme |
|
| Koha item type |
Books |